00000000nam##2200000za#4500
0019.636593
003CaOODSP
00520210624220817
007cr |||||||||||
008150407|2008||||xxc|||||o    f|0| 0 fre|d
040 |aCaOODSP|bfre
043 |an-cn---
0861 |aHS24-50/2008F-PDF
1101 |aCanada.|bRessources humaines et Développement des compétences Canada. |bProgramme du travail.
24510|aLes arrêts de travail dans le secteur privé de compétence fédérale - des solutions innovatrices / |h[ressource électronique]|c[par] Peter Annis.
2461 |iAutre titre cité pour la publication : |aÉtude ciblée sur les causes et les effets des arrêts de travail dans le secteur privé de compétence fédérale
260 |aOttawa - Ontario : |bRessources humaines et Développement des compétences Canada. |c[2008].
300 |a252p.|bgraphiques, tableaux
504 |aBibliographie.
590 |a09-26|b2009-06-26
7201 |aAnnis, Peter
77508|tWork stoppages in the federal private sector - innovative solutions / |w(CaOODSP)9.692328
85640|ahttp://publications.gc.ca|qPDF|s1627 Ko|uhttps://publications.gc.ca/collections/collection_2009/rhdcc-hrsdc/HS24-50-2008F.pdf